| 000 | 00489nam a2200193Ia 4500 | ||
|---|---|---|---|
| 008 | 180207s9999 xx 000 0 und d | ||
| 020 | _a9780439628136 | ||
| 050 | _bP238 2004 | ||
| 100 | _aParker, David | ||
| 245 | _aI am generous! / | ||
| 245 | _cDavid Parker ; illustrated by Cristina Ong. | ||
| 260 | _aNew York : | ||
| 260 | _bScholastic, | ||
| 260 | _c2004 | ||
| 300 | _aunpaged : | ||
| 300 | _bcolor illustration ; | ||
| 300 | _c18cm. | ||
| 440 | _aThe best me I can be. | ||
| 999 |
_c355398 _d355398 |
||